Architektura reciprocity /

Salvato in:
Dettagli Bibliografici
Autori principali: Melková Paula (Autore), Cikán, Miroslav (Autore)
Altri autori: Tichá, Jana (Revisore)
Natura: Libro
Lingua:ceco
Pubblicazione: Praha : KANT, 2020
Edizione:1. vydanie
Soggetti:
Tags: Aggiungi Tag
Nessun Tag, puoi essere il primo ad aggiungerne!!

MARC

LEADER 00000nam a22000003a 4500
001 0089159
003 SK-STU
005 20210629100652.6
007 ta
008 210629s ----xo-----e------000-0-----d
020 |a 978-80-7437-318-3 
040 |a STU  |b slo 
041 0 |a cze 
044 |a xr 
100 1 |a Melková Paula  |4 aut 
245 1 0 |a Architektura reciprocity /  |c aut. Melková Paula, Miroslav Cikán ; rec. Jana Tichá 
250 |a 1. vydanie 
260 |a Praha :  |b KANT,  |c 2020 
300 |a 168 s. 
650 0 7 |a architektúra a urbanizmus 
650 0 7 |a teória architektúry 
650 0 7 |a medzipredmetové vzťahy 
700 1 |a Cikán, Miroslav  |4 aut 
700 1 |a Tichá, Jana  |4 rev 
996 |b 284AU08638  |c A* 11902/U  |l AAKNST  |s P  |a 0  |w 0089159_0001 
996 |b 284AU08639  |c A* 11903/U  |l AAKNAR  |s A  |a 24  |w 0089159_0002 
996 |b 284AU08640  |c A* 11904/U  |l AAKNAR  |s A  |a 24  |w 0089159_0003